000 00513nam a2200181Ia 4500
005 20250508153320.0
008 008 250505s9999 xx 000 0 eng d
037 _aTextual
040 _aFEDL
_beng
_cFEDL
041 _aeng
_2eng
084 _a607, DOU
_qFEDL
100 _aDouglas Paul H
_9121665
245 0 _aAmerican apprenticeship and industrial education
260 _aNew York, USA
_bColumbia University
_c1921
300 _a348p.
942 _cTEXL
_h607, DOU
999 _c1341964
_d1341964